| 000 | 00697 a2200205 4500 | ||
|---|---|---|---|
| 010 | _aENG-88663 | ||
| 020 |
_c2400.00 _a8184500189 |
||
| 035 | _aEN-72196 | ||
| 037 | _bDBAD / PUB | ||
| 082 | 1 | 4 | _a338.064 |
| 090 |
_c9103 _d9103 |
||
| 100 | _aChatterjee, Biswajit | ||
| 245 | 1 |
_aGrowth, distribution and public policy: _cby Biswahit Chatterjee _ba study of west Bengal/ |
|
| 260 |
_aNew Delhi _bDeep & Deep Publications _c2007 |
||
| 270 |
_aF-159, Rajouri Garden _bNew Delhi _e110 027 |
||
| 300 |
_axxv, 825 p. _c23cm (Hb) |
||
| 500 | _aIncludes index | ||
| 942 |
_adpl _cEN _k338.064 / CHA |
||
| 999 |
_c8938 _d8938 |
||